000 00367 a2200109 4500
001 ART_23935
005 20260410161932.0
008 260409a
245 1 0 _aEl estado nacional y la empresa privada en la selección de proyectos de inversión
100 1 _aHoussay, Emilio I. J.
773 0 _tInforme
_g- Año VI, Nº 42 (oct./dic. 1974)
_wREV23765
999 _c28738
_d28738